| 000 | 00481nam a22001577a 4500 | ||
|---|---|---|---|
| 082 |
_a624.18341 _bPUN _cL-19, P-69 |
||
| 100 |
_aPunmia, B.C _922958 |
||
| 245 | _aReinforced concrete structures. | ||
| 260 |
_aDelhi _bStandard Publishers Distributors. |
||
| 300 |
_axvii, 1008p. : _bill. : _c8 Cm |
||
| 526 |
_a0 _b0 _c0 _d624_183410000000000_PUN |
||
| 526 |
_a0 _b0 _c0 _d624_183410000000000_PUN |
||
| 526 |
_a0 _b0 _c0 _d624_183410000000000_PUN |
||
| 650 |
_aMCE _9379 |
||
| 942 |
_2ddc _cBK |
||
| 999 |
_c546924 _d546924 |
||